000
00214nam a22000857a 4500
008
170626b xxu||||| |||| 00| 0 eng d
100
_9
3690
_a
Jain. D
245
_a
Mental maths class - 5
260
_a
New delhi
_b
Amity
_c
2009
999
_c
7110
_d
7110